[Event "I Open Patrimonio de la Humanidad"]
[Site "Alcala de Henares ESP"]
[Date "2006.10.12"]
[Round "6.20"]
[White "Caballero Gallego, Luis"]
[Black "Gago Padreny, Ignacio"]
[Result "0-1"]
[WhiteElo "1860"]
[BlackElo "2104"]
[PlyCount "54"]
[EventDate "2006.10.07"]
[EventType "swiss"]
[EventRounds "9"]
[EventCountry "ESP"]
[Source "lmi"]
[SourceDate "2006.10.07"]

1. e4 c5 2. Nf3 d6 3. d4 Nf6 4. Nc3 cxd4 5. Nxd4 a6 6. Bg5 e6 7. f4 Be7 8. Qf3
Qc7 9. g4 Nbd7 10. O-O-O b5 11. Bxf6 Nxf6 12. g5 Nd7 13. f5 Nc5 14. Bd3 b4 15.
Nd5 exd5 16. f6 gxf6 17. gxf6 Bf8 18. exd5 Nd7 19. Rhe1+ Ne5 20. Qh5 Bd7 21.
Nf3 O-O-O 22. Bxa6+ Kb8 23. Rd4 Qb6 24. Ree4 Qxa6 25. Rxb4+ Ka8 26. Nxe5 dxe5
27. Qxe5 Bxb4 0-1